The Ryohei Ishikawa Collection United States Stamps and Covers 1847 - 1869 (Record no. 2621)
[ view plain ]
| 000 -LEADER | |
|---|---|
| fixed length control field | 00364nam a22000977a 4500 |
| 008 - FIXED-LENGTH DATA ELEMENTS--GENERAL INFORMATION | |
| fixed length control field | 180210b xxu||||| |||| 00| 0 eng d |
| 100 ## - MAIN ENTRY--AUTHOR'S NAME | |
| Author's Name | Christie's Robson Lowe |
| 245 ## - TITLE STATEMENT | |
| Title | The Ryohei Ishikawa Collection United States Stamps and Covers 1847 - 1869 |
| 260 ## - PUBLICATION, DISTRIBUTION, ETC. (IMPRINT) | |
| Place of publication, distribution, etc. | New York |
| Name of publisher, distributor, etc. | Christie's Robson Lowe, New York, Sale RLNY 89 - 7726 PR |
| Date of publication, distribution, etc. | 1993 |
| 650 ## - TOPICAL TERM (Tag) | |
| Topical term or geographic name | United States | Hawaii |
| Withdrawn status | Lost status | Source of classification or shelving scheme | Damaged status | Koha normalized classification for sorting | Not for loan | Permanent Location | Current Location | Shelving location | Date acquired | Total Checkouts | Full call number | Barcode | Date last seen | Date last checked out | Price effective from | Public note |
|---|---|---|---|---|---|---|---|---|---|---|---|---|---|---|---|---|
| G3701 C614 C555 | Northern Philatelic Library | Northern Philatelic Library | General Stacks | 02/10/2018 | 1 | G3701 C614 C555 | 1002900 | 03/31/2018 | 03/26/2018 | 02/10/2018 | Auction Catalog Sept 28, 1993 |